000 00363nam a2200133Ia 4500
008 211109s9999||||xx |||||||||||||| ||und||
082 _a821
_bSTO-W
100 _aStobart, J C
245 0 _aWordsworth Epoch
260 _bUnknown Publisher
_aNo Place
_c2000
630 _xReference Reading Room
650 _aEnglish Litertaure
_vEnglish Poetry
_xEnglish
942 _cBOOK
999 _c164
_d164